000 01361nam0a22003131 4500
001 rc\4037420
005 20260531065054.0
010 _bВ пер.
_d3 р. 35 к.
_9100000
021 _aRU
_b[54-43117]
035 _a(NLR Aleph) 007955398
090 _a8365768
_c8365768
100 _a20130415d1954 |||y0rusy50 ca
101 1 _arus
_clit
102 _aRU
105 _aa z |||a|
200 1 _aЛитовские народные сказки
_e[для младшего возраста
_fперевод и обработка Ф. Шуравина и З. Шишовой]
_gрисунки А. Лаптева
210 _aМосква
_cДетгиз
_d1954
215 _a176 с.
_cил.
_d22
606 1 _aСказки литовские
_91511587
_3RU\NLR\AUTH\66656254
686 0 _aШ3(233.1=Ли)-615.10
_2rubbk
702 1 _4730
_aШишова
_bЗ. К.
_f1898-1977
_gЗинаида Константиновна
_977081
_3RU\NLR\AUTH\7794155
702 1 _4440
_7ca
_8rus
_aЛаптев
_bА. М.
_cхудожник, поэт
_f1905-1965
_gАлексей Михайлович
_955974
_3RU\NLR\AUTH\7773046
702 1 _aШуравин
_bФ. И.
_f1889-1966
_gФедор Иванович
_4730
801 0 _aRU
_bNLR
_c20130415
_gpsbo
801 1 _aRU
_bELAR
_c20130415
_2rusmarc
801 2 _aRU
_bNLR
_c20171226
_2rusmarc
852 _aNLR
_jДл02 Г-5/778
942 _cBOOK
980 _aNB